000 00417nam a2200181Ia 4500
001 14508
005 20260306164919.0
008 260306t2008||||xx |||||||||||||| ||spa||
041 _aESP
082 _a515.15
_bE26 2008
100 _aEdwards, C. Henry
_eAUT
245 0 _aCálculo con trascendentes tempranas
260 _c2008
300 _a
_c
650 _aGEN
654 _aCMA
942 _cLIB
_dJUS
_fJUS
_2ddc
_n
999 _c14508
_d14508